Protecting human rights : (Record no. 507)

MARC details
000 -LEADER
fixed length control field 02619cam a2200385 a 4500
003 - CONTROL NUMBER IDENTIFIER
control field TZ-ArACH
005 - DATE AND TIME OF LATEST TRANSACTION
control field 20190221155048.0
008 - FIXED-LENGTH DATA ELEMENTS--GENERAL INFORMATION
fixed length control field 031117s2003 enka b 001 0 eng
010 ## - LIBRARY OF CONGRESS CONTROL NUMBER
LC control number 2004273044
015 ## - NATIONAL BIBLIOGRAPHY NUMBER
National bibliography number GBA3-W5879
016 7# - NATIONAL BIBLIOGRAPHIC AGENCY CONTROL NUMBER
Record control number 0199264066
Source Uk
020 ## - INTERNATIONAL STANDARD BOOK NUMBER
Cancelled/invalid ISBN 0199264066
020 ## - INTERNATIONAL STANDARD BOOK NUMBER
International Standard Book Number 9780199264063
035 ## - SYSTEM CONTROL NUMBER
System control number (OCoLC)52485670
040 ## - CATALOGING SOURCE
Transcribing agency TZ-ArACH
041 ## - LANGUAGE CODE
Language code of text/sound track or separate title Eng
050 00 - LIBRARY OF CONGRESS CALL NUMBER
Classification number K3240
Item number .P76 2003
082 04 - DEWEY DECIMAL CLASSIFICATION NUMBER
Classification number 342.085
Edition number 21
245 00 - TITLE STATEMENT
Title Protecting human rights :
Remainder of title instruments and institutions /
Statement of responsibility, etc edited by Tom Campbell, Jeffrey Goldsworthy and Adrienne Stone.
260 ## - PUBLICATION, DISTRIBUTION, ETC. (IMPRINT)
Place of publication, distribution, etc Oxford ;
-- New York :
Name of publisher, distributor, etc Oxford University Press,
Date of publication, distribution, etc 2003.
300 ## - PHYSICAL DESCRIPTION
Extent xxii, 344 p. :
Other physical details ill. ;
Dimensions 25 cm.
504 ## - BIBLIOGRAPHY, ETC. NOTE
Bibliography, etc Includes bibliographical references and index.
505 0# - FORMATTED CONTENTS NOTE
Formatted contents note pt. I. Conceptual boundaries and functions of human rights. Human rights: the shifting boundaries / Tom Campbell ; Freedom of expression as a human right / Larry Alexander ; Human rights concepts in Australian political debate / Mark A. Nolan and Penelope J. Oakes ; Human rights, rule of law, and American constitutionalism / Robin West -- pt. II. Democratic foundations. Rights, rules, and democracy / Richard S. Kay ; Rights and democracy: a reconciliation of the institutional debate / Julie Debeljak ; Representation-reinforcing review: comparing experiences in the United States and Australia / David Tucker ; A defence of the status quo / James Allan ; Aspiring to the rule of law / David Dyzenhaus -- pt. III. Institutional designs. Non-judicial review / Mark Tushnet ; Parliament and rights / Janet L. Hiebert ; Constructing a community-based bill of rights model / George Williams ; Judicial review, legislative override, and democracy / Jeffrey Goldsworthy ; Addressing homelessness: does Australia's indirect implementation of human rights comply with its international obligations? / Dianne Otto ; Indigenous rights / Steven Curry ; The case for social rights / K.D. Ewing.
650 #0 - SUBJECT ADDED ENTRY--TOPICAL TERM
Topical term or geographic name as entry element Human rights (International law)
9 (RLIN) 3551
650 #0 - SUBJECT ADDED ENTRY--TOPICAL TERM
Topical term or geographic name as entry element Human rights
General subdivision Philosophy.
9 (RLIN) 3552
650 17 - SUBJECT ADDED ENTRY--TOPICAL TERM
Topical term or geographic name as entry element Democratie.
9 (RLIN) 3553
650 #6 - SUBJECT ADDED ENTRY--TOPICAL TERM
Topical term or geographic name as entry element Droits de l'homme (Droit international)
9 (RLIN) 3554
650 #6 - SUBJECT ADDED ENTRY--TOPICAL TERM
Topical term or geographic name as entry element Droits de l'homme (Droit international)
General subdivision Philosophie.
9 (RLIN) 3555
700 1# - ADDED ENTRY--PERSONAL NAME
Personal name Campbell, Tom,
Dates associated with a name 1938-
9 (RLIN) 3556
700 1# - ADDED ENTRY--PERSONAL NAME
Personal name Goldsworthy, Jeffrey Denys.
9 (RLIN) 3557
700 1# - ADDED ENTRY--PERSONAL NAME
Personal name Stone, Adrienne
Fuller form of name (Adrienne Sarah Ackary)
9 (RLIN) 3558
856 42 - ELECTRONIC LOCATION AND ACCESS
Materials specified Publisher description
Uniform Resource Identifier <a href="http://www.loc.gov/catdir/enhancements/fy0620/2004273044-d.html">http://www.loc.gov/catdir/enhancements/fy0620/2004273044-d.html</a>
856 41 - ELECTRONIC LOCATION AND ACCESS
Materials specified Table of contents
Uniform Resource Identifier <a href="http://www.loc.gov/catdir/enhancements/fy0620/2004273044-t.html">http://www.loc.gov/catdir/enhancements/fy0620/2004273044-t.html</a>
942 ## - ADDED ENTRY ELEMENTS (KOHA)
Source of classification or shelving scheme Library of Congress Classification
Koha item type Books
Holdings
Home library Current library Shelving location Date acquired Full call number Barcode Koha item type
African Court on Human and Peoples' Rights Library African Court on Human and Peoples' Rights Library   29/08/2010 K3240 .P76 2003 10003061 Books
African Court on Human and Peoples' Rights Library African Court on Human and Peoples' Rights Library   29/08/2010 K3240 .P76 2003 10003029 Books
African Court on Human and Peoples' Rights Library African Court on Human and Peoples' Rights Library   21/11/2011 K3240 .P76 2003 10016317 Books
African Court on Human and Peoples' Rights Library African Court on Human and Peoples' Rights Library   21/11/2011 K3240 .P76 2003 10016309 Books
African Court on Human and Peoples' Rights Library African Court on Human and Peoples' Rights Library   22/01/2019 K3240 .P76 2003 10215026 Books

African Court on Human and Peoples' Rights | For Inquiries Contact » +255 272 510 510